ASEAN India : progress and prosperity documents (Record no. 445524)

000 -LEADER
fixed length control field 00484cam a22001457a 4500
008 - FIXED-LENGTH DATA ELEMENTS--GENERAL INFORMATION
fixed length control field 180718b2012 xxu||||| |||| 00| 0 eng d
020 ## - INTERNATIONAL STANDARD BOOK NUMBER
International Standard Book Number 9789381417133
082 ## - DEWEY DECIMAL CLASSIFICATION NUMBER
Classification number Dx54 B469a
245 ## - TITLE STATEMENT
Title ASEAN India : progress and prosperity documents
Statement of responsibility, etc. edited by Avtar Singh Bhasin
260 ## - PUBLICATION, DISTRIBUTION, ETC.
Place of publication, distribution, etc. New Delhi
Name of publisher, distributor, etc. Geetika Publishers
Date of publication, distribution, etc. 2012
300 ## - PHYSICAL DESCRIPTION
Extent 552p.
650 ## - SUBJECT ADDED ENTRY--TOPICAL TERM
Topical term or geographic name entry element Southeast Asia--Foreign relations--India
650 ## - SUBJECT ADDED ENTRY--TOPICAL TERM
Topical term or geographic name entry element India--Foreign relations--Southeast Asia
700 ## - ADDED ENTRY--PERSONAL NAME
Personal name Bhasin, Avtar Singh
Holdings
Withdrawn status Lost status Damaged status Not for loan Permanent Location Current Location Date acquired Full call number Barcode Date last seen Price effective from Koha item type
        Indian Institute of Public Administration Indian Institute of Public Administration 2017-03-08 Dx54 B469a 86882 2018-07-21 2018-07-21 Book

Powered by Koha